| 000 | 01628cad a22002415a 4500 | ||
|---|---|---|---|
| 001 | L143485 | ||
| 008 | 080514s20080324xxk f lf000 0 eng d | ||
| 035 | _a(Sirsi) u143485 | ||
| 041 | 0 | _aeng | |
| 050 | 0 | 4 | _a336.21 $2 18 |
| 110 | 2 |
_aUnited Kingdom _kLaws, etc _95044 |
|
| 245 | 0 | 4 |
_aThe Local Government (Non-Domestic Rating) (Consequential Amendments) (England) Order 2008 _h[electronic resource] |
| 260 |
_aLondon _bTSO _c2008 |
||
| 490 | 0 |
_aSI _v2008: 428 |
|
| 520 | _aComes into force 24 March 2008. Amends secondary legislation as a consequence of the Local Government Act 2003 and the Rating (Empty Properties) Act 2007. The amendments update the Local Government Act, the main one being to convert into a duty the existing power of the Secretary of State to put in place a scheme which phases in increases in liability following the statutory revaluation of non-domestic premises for the purposes of rates. This was done by the insertion into the 1988 Act of a new section 57A. The Order amends the 1989 and 1990 Regulations to include references to section 57A where necessary. The regulations also introduce new measures of liability to rates in respect of unoccupied non-domestic properties. | ||
| 590 | _aKA | ||
| 650 | 2 | 4 | _aRATING (EMPTY PROPERTIES) ACT 2007 |
| 650 | 2 | 4 | _aNON-DOMESTIC RATING (UNOCCUPIED PROPERTY) (ENGLAND) REGULATIONS 2008 |
| 651 | 4 |
_aEngland _y886- |
|
| 690 | _aPROPERTY-COMMERCIAL PROPERTY-COMMERCIAL PROPERTY TAXATION-BUSINESS RATES | ||
| 856 | 4 | 0 |
_uhttps://www.opsi.gov.uk/si/si2008/uksi_20080428_en_1 _zView the statutory instrument free of charge at www.opsi.gov.uk... |
| 942 | _n0 | ||
| 999 |
_c108168 _d108168 |
||